The legionnaire /
Gorde:
| Egile nagusia: | |
|---|---|
| Formatua: | Liburua |
| Hizkuntza: | ingelesa |
| Argitaratua: |
San Francisco :
Leyland Publications,
[1996]
|
| Etiketak: |
Etiketarik gabe, Izan zaitez lehena erregistro honi etiketa jartzen!
|
MARC
| LEADER | 00000nam a22000007i 4500 | ||
|---|---|---|---|
| 001 | IT\ICCU\UBO\2285042 | ||
| 003 | ItRI | ||
| 005 | 20260115231830.0 | ||
| 008 | 030905s1997 xxu|||||| ||||| |||||c | ||
| 020 | |a 0943595622 | ||
| 040 | |b ita |c importazione bologna sebina | ||
| 041 | 7 | |a eng |2 ISO-639-2 | |
| 100 | 1 | |a Kvaale, Tom |0 IT\ICCU\UBOV\813136 |4 aut | |
| 245 | 1 | 4 | |a The legionnaire / |c Tom Kvaale. |
| 260 | |a San Francisco : |b Leyland Publications, |c [1996] | ||
| 300 | |a 156 p. ; |c 22 cm. | ||
| 942 | |2 ddc |c BK |n 0 | ||
| 952 | |0 0 |1 0 |4 0 |6 DOC_813_540000000000000_KVA |7 0 |9 13769 |a BO |b BO |d 2026-01-15 |i 7662 |l 0 |o DOC 813.54 KVA |p BO7662 |r 2026-01-15 23:18:30 |w 2026-01-15 |x [Sebina 5] [1 v.] |y BK |z 1 v. | ||
| 999 | |c 11845 |d 11845 | ||